Hauptstädte der Stan-Länder - Statistiken

Allgemein
  • Dieses Quiz wurde 156 mal gespielt
  • Das Durchschnittsergebnis liegt bei 5 aus 7
Antwortstatistiken
Land Hauptstadt % Korrekt
Afghanistan Kabul
96%
Pakistan Islamabad
90%
Kasachstan Astana
82%
Usbekistan Taschkent
77%
Kirgistan Bischkek
67%
Tadschikistan Duschanbe
67%
Turkmenistan Aşgabat
62%
Keine übereinstimmenden Quizze gefunden
Verteilung der Resultate
Anzahl Personen mit jedem Resultat
Perzentil nach korrekt beantworteten Fragen
Ihre Resultats-Entwicklung
Sie haben dieses Quiz noch nicht gespielt